000 01870nam a22004457a 4500
003 CHAP
005 20220329140811.0
008 971013c19701967 r 00010 d
010 _a57838
011 _a58810
035 _a62966
040 _cCHAP
082 _a633
_bD85Yp
100 0 0 _aDungan, George H.
_934485
245 _aPrácticas agrícolas
_b: 1a. y 2a. parte
260 _aChapingo, Méx. :
_bEscuela Nacional de Agricultura,
_c1970 (c.1967)
300 _a387 p.
490 _aDepto. de Promoción y Divulgación Agrícola. Serie de Apuntes
500 _aReúne en un tomo el publicado originalmente en 2v. en 1967
590 _aBATCH-UPD
_b10
_c20130110
_lUCH01
_h0339
590 _aBATCH-UPD
_b10
_c20130110
_lUCH01
_h1815
590 _aBATCH-UPD
_b10
_c20130410
_lUCH01
_h0012
590 _aBATCH-UPD
_b10
_c20130914
_lUCH01
_h1120
590 _aCONVERSION
_b10
_c20130109
_lUCH01
_h1331
650 1 4 _aCultivos.
_930221
650 1 4 _aPlantas
_xCrecimiento
_xAditivos.
_988804
700 0 _aRoss, W. A.
_9100198
830 0 _aDepto. de Promoción y Divulgación Agrícola. Serie de Apuntes
_931854
901 _aBK
942 _cLIBRO
949 _a633 D85Yp
_bBC
_cLIBRO
_d33724000086146
_eLIBRO
_fc.3
_h14720
_i62966
_si
949 _a633 D85Yp
_bBC
_cLIBRO
_d33724000183877
_eLIBRO
_fc.4
_h14722
_i62966
_si
949 _a633 D85Yp
_bBC
_cLIBRO
_d33724000183885
_eLIBRO
_fc.2
_h14719
_i62966
_sm
949 _a633 D85Yp
_bBC
_cLIBRO
_d33724000183901
_eLIBRO
_fc.7
_h14730
_i62966
_si
949 _a633 D85Yp
_bBC
_cLIBRO
_d33724000183919
_eLIBRO
_fc.5
_h14727
_i62966
_si
949 _a633 D85Yp
_bBC
_cLIBRO
_d33724000183927
_eLIBRO
_fc.6
_h14729
_i62966
_si
949 _a633 D85Yp
_bBC
_cLIBRO
_d33724000183935
_eLIBRO
_fc.8
_h31765
_i62966
_si
949 _a633 D85Yp
_bBC
_cLIBRO
_d33724000183968
_eLIBRO
_h14716
_i62966
_si
949 _a633 D85Yp
_bBC
_cUACH
_d-135111
_eUACH
_fc.9
_h14724
_i62966
_si
999 _c57838
_d57838